000 00799nab a2200361 a 4500
001 30231
003 95902
005 20240711091949.0
008 ||||||n9999 ||| || ||
041 _aspa
082 _219
_a301
100 _aNewcomb, Teodore
245 0 _aManual de psicologia social (v1)
250 _a4ed
260 _aBuenos Aires :
_bEudeba,
_c1971.
300 _av1 393p
490 _aManuales de Eudeba. Psicologia
562 _e2
650 _aPSICOLOGÍA SOCIAL
773 _01141
_aManual de psicologia social
942 _cBKM
942 _cBKM
999 _c30231
_d30231
526 _a102618
526 _a15794
526 _a102620
526 _a10406
526 _a4969
526 _a19790
526 _a104436
526 _a3899
526 _a9683
526 _a1703